[Event "KOS-ch"]
[Site "Pristina"]
[Date "2020.10.31"]
[Round "7"]
[White "Salihu, Ramadan"]
[Black "Jusufi, Ahmet"]
[Result "0-1"]
[WhiteElo "1505"]
[BlackElo "1692"]
[PlyCount "50"]
[EventDate "2020.10.10"]
[EventType "swiss"]
[EventRounds "9"]
[EventCountry "KOS"]
[SourceTitle "EXT 2022"]
[Source "ChessBase"]
[SourceDate "2021.10.06"]
[SourceVersion "1"]
[SourceVersionDate "2021.10.06"]
[SourceQuality "1"]

1. f4 d5 2. d4 Nf6 3. Nf3 e6 4. e3 c5 5. c3 Nc6 6. Bb5 Bd7 7. 0-0 Be7 8. Bxc6 Bxc6 9. Ne5 0-0 10. Nxc6 bxc6 11. Qc2 c4 12. f5 Qc7 13. h3 Bd6 14. Nd2 Nh5 15. Nf3 exf5 16. Qxf5 Ng3 17. Qg4 Nxf1 18. Kxf1 f5 19. Qh4 Qe7 20. Qf2 Rae8 21. Bd2 f4 22. exf4 Bxf4 23. Re1 Qc7 24. Rd1 Bg3 25. Qg1 Qe7 0-1

[Event "KOS-ch"]
[Site "Pristina"]
[Date "2020.10.10"]
[Round "1"]
[White "Salihu, Ramadan"]
[Black "Krasniqi, Avni"]
[Result "0-1"]
[WhiteElo "1505"]
[BlackElo "1850"]
[PlyCount "74"]
[EventDate "2020.10.10"]
[EventType "swiss"]
[EventRounds "9"]
[EventCountry "KOS"]
[SourceTitle "EXT 2022"]
[Source "ChessBase"]
[SourceDate "2021.10.06"]
[SourceVersion "1"]
[SourceVersionDate "2021.10.06"]
[SourceQuality "1"]

1. d4 e6 2. Bf4 Nf6 3. Nc3 Bb4 4. Bd2 Nc6 5. a3 Ba5 6. f3 Nxd4 7. e3 Nc6 8. Bd3 Bb6 9. Qe2 d5 10. 0-0-0 d4 11. exd4 Nxd4 12. Qf1 Bd7 13. Ne4 Bc6 14. Nxf6+ Qxf6 15. h4 h6 16. g4 Qe7 17. Be4 Bxe4 18. fxe4 Qc5 19. Bc3 0-0-0 20. Qxf7 Rd7 21. Qg6 Rhd8 22. Bxd4 Rxd4 23. Qxe6+ Kb8 24. Rxd4 Qxd4 25. Nf3 Qe3+ 26. Kb1 Qxf3 27. Rh2 a6 28. Qe7 Rd1+ 29. Ka2 Qf1 30. e5 Ra1+ 31. Kb3 Qb5+ 32. Qb4 Qxe5 33. Rd2 Qe6+ 34. Ka4 Re1 35. Rd8+ Ka7 36. Qf8 Qc4+ 37. b4 Qxc2# 0-1